000 00308nam a22001457a 4500
008 221104b ||||| |||| 00| 0 eng d
020 _a9789996024573
041 _aeng
080 _a611
082 _a611 THI
100 _a10.1
101 _aANAT
245 _aHUMAN BODY
_cTHIBODEAU G
942 _2udc
_cBK
999 _c58743
_d58743